1321 1496 1981 1294 1116 1616 1464 1981 1194 1312 1105 1797 1865 1889 1214 1087 1550 1672 1600 1663 1479 1540 1298 1376 1422 1872 1116 1908 1162 1334 1844 1912 1004 1924 1550 1320 1867 1973 1381 1658 1036 1330 1197 1135 1034 1735 1890 1271 1229 1498 1782 1808 1678 1814 1128 1862 2000 1317 1429 1556 1922 1341 1937 1705 1808 1946 1020 1238 1533 1757 1523 1825 1810 1720 1595 1702 1566 1328 1656 1670 1236 1053 1368 1954 1344 1561 1328 1390 1529 1376 1385 1642 1120 1454 1002 1239 1738 1494 1584 BCNSPRNW ULIB Ver.6.0+V

เปลี่ยนเป็นภาษาไทย

Change to English
 แสดงรายละเอียดบรรณานุกรม
  กลับหน้าหลัก

Brief Record : Get Marc (ISO 2709) : E-mail record : QR code < ปิดหน้าต่าง
LEADER : 00000nam 2200000uu 4500
001    13399121749
003     ULIB
008    121204s2547||||th 000 0 tha d
060 04 ^aWC503^bร247ด
245 00 ^aรายงานการสังเคราะห์องค์ความรู้จากการประชุมนานาชาติเรื่องโรคเอดส์ครั้งที่15 :^bด้านระบาดวิทยาและการป้องกัน /^cธนรักษ์ ผลิพัฒน์ ... [และคณะ] ; จัดทำโดย สำนักโรคเอดส์ วัณโรค และโรคติดต่อทางเพศสัมพันธ์ กรมควบคุมโรค กระทรวงสาธารณสุข
246 30 ^aการสังเคราะห์องค์ความรู้จากการประชุมนานาชาชาติเรื่องโรคเอดส์ครั้งที่ 15 :^bด้านระบาดวิทยาและการป้องกัน
250    ^aพิมพ์ครั้งที่ 1
260    ^aนนทบุรี :^bสำนักโรคเอดส์ วัณโรค และโรคติดต่อทางเพศสัมพันธ์,^c2547
300    ^aก-ง, 17 หน้า :^bภาพประกอบ ;^c30 ซม.
650  2 ^aAcquired Immunodeficiency Syndrome^xprevention & control^vCongreses
650  7 ^aกลุ่มอาการภูมิคุ้มกันเสื่อม^xการป้องกันและควบคุม^xการประชุม
650  7 ^aระบาดวิทยา
650  7 ^aโรคเอดส์^xการป้องกันและควบคุม
700 0  ^aธนรักษ์ ผลิพัฒน์
710 2  ^aกรมควบคุมโรค. ^bสำนักโรคเอดส์ วัณโรคและโรคติดต่อทางเพศสัมพันธ์
711 2  ^aการประชุมนานาชาติเรื่องโรคเอดส์^n(ครั้งที่ 15 :^d2547 :^cนนทบุรี)
945    ^p0^l0^i24334
995    ^aทศพร
999    ^aทศพร
รายการนี้ยังไม่มีแท็ก
คุณยังไม่ได้ล็อกอิน คุณสามารถมีกิจกรรมร่วมกับเว็บไซต์ได้ แต่ต้องล็อกอินก่อน ::
  ล็อกอิน

รายการสื่อสารสนเทศ

ลำดับที่ ประเภท เลขเรียก/บาร์โค้ด สถานที่ สถานะ
1. วิทยาศาสตร์การแพทย์ และสุขภาพ
วิทยาศาสตร์การแพทย์ และสุขภาพ
WC503 ร247ด ฉ.1 
  Barcode: 24334
ห้องสมุดวิทยาเขตสวรรค์ประชารักษ์
►หนังสือทั่วไป
บนชั้น

รายการใกล้เคียง
    หัวเรื่อง [ระบาดวิทยา]

BibComment


ยังไม่เคยถูกคอมเมนท์

คอมเมนท์ทรัพยากรรายการนี้
  คอมเมนท์: รายงานการสังเครา..


 Copyright 2026. Bcnsprnw @Library